Handbuch Sprache und Politik in 3 Bänden
Salvato in:
| Altri autori: | , , |
|---|---|
| Natura: | Libro |
| Lingua: | tedesco |
| Pubblicazione: |
Bremen
Hempen Verlag
2017
|
| Serie: | Sprache-Politik-Gesellschaft
Band 21.3 |
| Soggetti: | |
| Tags: |
Nessun Tag, puoi essere il primo ad aggiungerne!!
|
MARC
| LEADER | 00000nam a2200000 4500 | ||
|---|---|---|---|
| 001 | 0269285 | ||
| 005 | 20240221115928.2 | ||
| 020 | |a 978-3-944312-48-4 | ||
| 041 | 0 | |a ger | |
| 044 | |a DE | ||
| 245 | 1 | 0 | |a Handbuch Sprache und Politik |b in 3 Bänden |c Thomas Niehr, Jörg Kilian und Martin Wengeler (Hrsg.) |
| 264 | 1 | |a Bremen |b Hempen Verlag |c 2017 | |
| 300 | |a S.903-1227 | ||
| 490 | 1 | |a Sprache-Politik-Gesellschaft |v Band 21.3 | |
| 830 | 0 | |a Sprache-Politik-Gesellschaft |v Band 21.3 | |
| 610 | 2 | 0 | |a jazykoveda |
| 610 | 2 | 0 | |a terminológia |
| 610 | 2 | 0 | |a nemčina |
| 610 | 2 | 0 | |a politika |
| 610 | 2 | 0 | |a výskum |
| 610 | 2 | 0 | |a analýzy |
| 700 | 1 | |a Niehr, Thomas | |
| 700 | 1 | |a Kilian, Jörg | |
| 700 | 1 | |a Wengeler, Martin | |